000 00285nam a22001337a 4500
020 _a1-8442-2007
082 _a823
_bDIS/J
100 _aDISNEY, WALT
245 _aTHE JUNGLE BOOK - II
260 _aLONDON
_bLADYBIRD
300 _a29
650 _aENGLISH SHORT STORY
_zUK
942 _cBK
999 _c3714
_d3714